[Event "Bundesliga 0102"]
[Site "Germany"]
[Date "2002.02.01"]
[Round "5.1"]
[White "Dautov, Rustem"]
[Black "Lutz, Christopher"]
[Result "1/2-1/2"]
[WhiteElo "2630"]
[BlackElo "2643"]
[Annotator "Dautov,R"]
[PlyCount "71"]
[EventDate "2001.10.06"]
[EventType "team-tourn"]
[EventRounds "15"]
[EventCountry "GER"]
[SourceTitle "CBM 087"]
[Source "ChessBase"]
[SourceDate "2002.03.21"]
[SourceVersion "1"]
[SourceVersionDate "2002.03.21"]
[SourceQuality "1"]
[WhiteTeam "Godesberg"]
[BlackTeam "Porz"]
[WhiteTeamCountry "GER"]
[BlackTeamCountry "GER"]

1. d4 Nf6 2. c4 e6 3. Nf3 b6 4. g3 Ba6 5. b3 Bb4+ 6. Bd2 Be7 7. Nc3 O-O 8. Qc2
{Eine Erfindung von P.Nikolic. Weiß strebt e2-e4 unter günstigen Umständen an.
Von Zeit zu Zeit bedient sich Ivanchuk dieser Idee.} (8. e4 d5 9. cxd5 Bxf1 10.
Kxf1 exd5 11. e5 Ne4 {ist eine bekannte Theorievariante.}) 8... d5 9. cxd5 Nxd5
10. Bg2 c5 ({Ein sicheres Entwicklungsschema stellt} 10... Nd7 11. O-O c5 12.
Rfd1 Rc8 {dar, z.B.} 13. Qb2 Bb7 14. e4 Nb4 $6 (14... N5f6 $142) 15. Be3 Qe8
16. a3 Nc6 17. d5 exd5 18. exd5 Na5 19. Re1 Qd8 20. Rad1 Bf6 21. Qc2 $16 {
Ivanchuk,V-Ehlvest,J/Tallinn 2000}) 11. O-O Nc6 12. Nxd5 exd5 (12... Qxd5 $4
13. Ng5 $18) 13. Bc3 Rc8 $146 (13... Bf6 14. Rfd1 Qe7 15. e3 Rac8 16. Qb2 Rfd8
17. Rac1 cxd4 18. Nxd4 Ne5 19. Qd2 Nd3 20. Rc2 Nc5 $11 {/\Ne4, Vyzmanavin,
A-Hellers,F/Stockholm 1990}) 14. Qb2 c4 $6 {Die Aufhebung der Zentrumsspannung
erleichtert das Spiel von Weiß. Besser war es, mit 14...Bf6 zu der Partie
Vyzmanavin-Hellers zu wechseln.} (14... Bf6 15. Rfd1 Qe7) 15. Ne5 b5 16. a3 Re8
(16... Nxe5 17. dxe5 cxb3 18. Qxb3 d4 19. Bb4 $14) 17. Rfe1 Bf8 ({In Frage kam
} 17... Bf6 $5 18. Nxc6 (18. Rad1 Na5 $132) (18. e3 Qd6 19. f4 $13) 18... Rxc6
19. e4 dxe4 20. Rxe4 Rxe4 21. Bxe4 Re6 22. Bf3 $14) 18. Nxc6 (18. e4 $2 Rxe5
19. dxe5 d4 $17) 18... Rxc6 19. e4 dxe4 20. Rxe4 Rxe4 21. Bxe4 Re6 22. Bf3 $14
{Der weiße Freibauer d4 ist mobiler als sein Pendant auf c4, der Ba6 steht
nicht optimal - der kleine weiße Vorteil ist offensichtlich.} Qc7 23. d5 Re8
24. Rd1 {/\d6} f6 ({Der Abtausch} 24... cxb3 $6 25. Qxb3 {käme nur Weiß zugute:
} Qc4 $4 26. Qxc4 bxc4 27. d6 Rd8 28. d7 Bb5 29. Bg4 $18 {/\Ba5}) 25. h4 $5 {
Dieser Vormarsch des h-Bauern sollte die Stellung des schwarzen Königs
schwächen. Leider trifft es im gleichen Maß auf die Stellung des weißen
Monarchen zu.} ({Eine gute Alternative bot} 25. bxc4 bxc4 26. Qc2 {/\Qa4} Bc8 {
Aber mit einer simplen Lösung, dem Tausch der schwarzfeldrigen Läufer, behält
Weiß seinen kleinen Vorteil.} 27. Bb4 ({Die verlockende Abwicklung} 27. Be4 h6
28. Bg6 Rd8 29. Qd2 {/\Ba5} {bringt Weiß nicht viel wegen} Bg4 $1 30. Ba5 (30.
Re1 Rc8 $11) 30... Qd7 31. Bxd8 Bxd1 $11) 27... Bxb4 28. axb4 Rd8 {/\Rd4} 29.
Qc3 Ba6 30. Re1 $14) 25... Bc8 26. h5 Bc5 $1 {/\Qg3 Dieser Stich kommt gerade
rechtzeitig. Hier mußte ich feststellen, daß die geplante Erwiderung 27.Bd4
nicht viel taugt.} 27. Kg2 (27. Bd4 $6 Bxd4 28. Qxd4 cxb3 29. d6 Qf7 {, und es
ist plötzlich Weiß, der den Ausgleich suchen muß.}) 27... Qd7 28. Rh1 (28. g4
$2 Re4 $1 $17) 28... h6 (28... cxb3 29. Qxb3 h6 30. Bb4 $14) 29. bxc4 bxc4 30.
Bd4 $6 {Der Wunsch, den aktiven Läufer c5 zu verjagen, ist verständlich, aber
dabei vernachlässigt Weiß seinen Bauern d5. Richtig war 30.Bb4.} (30. Bb4 $1
Bb6 $6 (30... Bxb4 31. axb4 $14) 31. Qc2 {/\Qg6} a5 32. Bc3 Bb7 33. Rd1 Bc8 34.
Qg6 $1 $16 Qh3+ 35. Kg1 Re7 (35... Rf8 36. Be4 $18) 36. d6 $18) 30... Bf8 31.
Qc3 $2 (31. Bc3 $1 $14) 31... Bb7 $1 $11 {Diese starke Antwort habe ich
vollkommen übersehen. Das Remis läßt sich nicht vermeiden.} 32. Qxc4 Rd8 33.
Bxa7 Bxd5 34. Bxd5+ Qxd5+ 35. Qxd5+ Rxd5 36. Be3 1/2-1/2

[Event "Bundesliga 9798"]
[Site "Germany"]
[Date "1997.12.06"]
[Round "5.1"]
[White "Epishin, Vladimir"]
[Black "Dautov, Rustem"]
[Result "1/2-1/2"]
[WhiteElo "2570"]
[BlackElo "2595"]
[Annotator "Dautov,R"]
[PlyCount "99"]
[EventDate "1997.10.18"]
[EventType "team-tourn"]
[EventRounds "15"]
[EventCountry "GER"]
[SourceTitle "CBM 062"]
[Source "ChessBase"]
[SourceDate "1998.01.31"]
[SourceVersion "1"]
[SourceVersionDate "1998.01.31"]
[SourceQuality "1"]
[WhiteTeam "Empor Berlin"]
[BlackTeam "St Ingbert"]
[WhiteTeamCountry "GER"]
[BlackTeamCountry "GER"]

1. d4 Nf6 2. c4 e6 3. Nf3 b6 4. g3 Ba6 5. b3 Bb4+ 6. Bd2 Be7 7. Bg2 c6 8. Bc3
d5 9. Ne5 Ne4 10. O-O Nxc3 11. Nxc3 O-O 12. Qd3 $5 $146 (12. e4 dxc4 13. Nxc4
b5 14. Ne3 Nd7 $132) (12. Re1 Bb7 13. e4 dxc4 14. Nxc4 b5 15. Ne3 Nd7 $132) (
12. Qd2 Bb7 13. e4 dxc4 14. Nxc4 b5 15. Ne3 Nd7 16. Rfd1 Qb6 17. Kh1 Rfd8 18.
f4 Nf8 19. Ne2 a5 20. Rac1 Rac8 21. Rc2 g6 22. Qc1 c5 23. d5 $14 {Oll,L-Gulko,
B/Polanica Zdroj 1996}) 12... Bd6 $5 (12... Bf6 13. f4 $1 $14 (13. Rfd1 c5 $132
)) (12... Bb7 13. e4 dxc4 14. Nxc4 b5 15. Ne3 Nd7 16. Rfd1 Qb6 $132) 13. Rfd1
Qc7 (13... c5 $2 14. Nxd5 exd5 15. Bxd5 $18) (13... Bxe5 $6 14. dxe5 Nd7 15. f4
Rc8 (15... Qc7 16. Qe3 $1 {-13...Qc7}) 16. Qd2 $1 (16. Qe3 Qe7 $11) (16. Qd4
Qc7 $1 17. cxd5 cxd5 18. Rac1 Rfd8 19. e4 dxe4 20. Qe3 Nc5 21. Nxe4 Nxe4 $11) (
16. e4 Rc7 (16... Qc7 $2 17. Qd2 $16) 17. Qe3 dxc4 18. Bf1 Qc8 19. bxc4 Nc5
$132) 16... Qe7 (16... Rc7 17. cxd5 cxd5 18. e4 $16) 17. e4 Rfd8 18. cxd5 cxd5
19. Rac1 dxe4 20. Nxe4 Rxc1 21. Qxc1 $16) (13... Nd7 14. Nxc6 Qc7 15. e4 $1
Qxc6 16. exd5 exd5 17. Bxd5 Qc8 18. Bxa8 Qxa8 19. Re1 $14) 14. Qe3 Bxe5 $2 (
14... Nd7 $1 15. cxd5 (15. Nxc6 $2 Qxc6 16. cxd5 exd5 17. Bxd5 Qc8 18. Ne4 Ba3
19. Bxa8 Qxa8 $15) 15... cxd5 16. Rac1 (16. Nxf7 $2 Kxf7 17. Nxd5 Qc2 $17)
16... Qd8 (16... Ba3 $2 17. Nxd5) (16... Bxe5 17. Nxd5 exd5 18. Rxc7 Bxc7 19.
Qe7 Rad8 20. Bxd5 Nf6 21. Bf3 $14) 17. Nc6 Qe8 $11) 15. dxe5 Nd7 16. f4 Rac8 (
16... dxc4 17. Rd6 Nb8 18. Rad1 cxb3 19. axb3 $36) 17. Rac1 $16 Qd8 (17... Qb8
18. cxd5 cxd5 19. Qd4 $16 {/\e4}) (17... dxc4 18. Ne4 cxb3 19. Nd6 $16) 18. Qd4
Nb8 (18... c5 19. Qd2 d4 20. Ne4 f6 21. exf6 Nxf6 22. e3 $16) 19. cxd5 cxd5 20.
e4 dxe4 21. Qxd8 $2 (21. Qe3 $1 Qe7 22. Nxe4 Rxc1 23. Rxc1 Bb7 (23... Rc8 24.
Rxc8+ Bxc8 25. Qc3 $16) 24. Nd6 Bxg2 25. Kxg2 Na6 {/\Nc7-d5} 26. Qc3 f6 27. b4
fxe5 28. fxe5 $16 {/\} Qg5 29. Rf1 Rxf1 $2 30. Qc8+ $18) 21... Rfxd8 22. Rxd8+
Rxd8 23. Nxe4 Rc8 24. Rxc8+ Bxc8 $14 25. Kf2 (25. Nd6 Bd7 $14) 25... Na6 26.
Bf3 Kf8 $6 (26... Bd7 27. Bh5 Nc7 28. Nd6 f6 $14) 27. Bh5 $1 g6 (27... Bd7 $2
28. Ng5 g6 29. Nxh7+ Kg7 30. Nf6 $18) 28. Be2 {><f6} Nc7 29. Nf6 h6 $6 (29...
h5 $142 30. Bf3 $14 {/\h3,g4}) 30. Bc4 (30. Bf3 $1 {/\} Ne8 31. Bc6 Nxf6 $2 32.
exf6 $16) 30... Bb7 {/\Bc6,Ne8,Kg7} (30... Ne8 $2 31. Bb5) 31. g4 {><h6} Bc6
32. h4 (32. Ke3 Ne8 33. b4 Ba4 $8 (33... Kg7 $2 34. b5 $18) 34. Kd4 Kg7 35. Ne4
Kf8 $14) 32... Ne8 33. Ke3 $2 (33. b4 Nxf6 (33... Ba4) 34. exf6 Ke8 35. Ke3 Kd7
36. Kd4 Kd6 $11) 33... Kg7 34. g5 h5 $1 {/\Kf8,Ng7-f5} 35. Nxe8+ Bxe8 $11 36.
Kd4 Kf8 37. Be2 Bc6 38. b4 Ke7 39. a3 Kd7 40. Bd1 Ke7 41. a4 Kd7 42. Bc2 Ke7
43. Bb3 Bd7 44. a5 Bc6 45. Bc4 Bf3 46. Bb5 Bg2 47. Ba4 Bf3 48. Bc2 Be2 49. Bb3
Bb5 50. Bc2 1/2-1/2

[Event "Dortmund op-A"]
[Site "Dortmund"]
[Date "1992.??.??"]
[Round "7"]
[White "Levin, Felix"]
[Black "Dautov, Rustem"]
[Result "1-0"]
[WhiteElo "2445"]
[BlackElo "2610"]
[Annotator "Dautov,R"]
[PlyCount "89"]
[EventDate "1992.04.??"]
[EventType "swiss"]
[EventRounds "11"]
[EventCountry "GER"]
[SourceTitle "CBM 029"]
[Source "ChessBase"]
[SourceDate "1992.08.01"]
[SourceVersion "1"]
[SourceVersionDate "1992.08.01"]
[SourceQuality "1"]

1. d4 Nf6 2. c4 e6 3. Nf3 b6 4. g3 Ba6 5. b3 b5 6. cxb5 Bxb5 7. Nc3 Bb4 8. Bd2
Bc6 9. Bg2 O-O 10. a3 Bxc3 11. Bxc3 a5 (11... Qc8 $5 12. O-O Qb7 13. b4 Be4 14.
Nh4 Bxg2 15. Nxg2 Nd5 16. Bd2 f5 $132 {/\Nc6,a5}) 12. O-O Be4 $6 (12... Qc8
$142 13. Nd2 Bxg2 14. Kxg2 Qb7+ 15. Kg1 Ne4 $1 (15... Nd5 16. Bb2 f5 17. e3 Nc6
18. Qe2 Rf7 19. Rac1 $14 {/\Rc5|^<<}) 16. Nxe4 Qxe4 17. Qd2 Nc6 18. f3 Qd5 19.
Rab1 f5 20. Qd3 f4 $5 $132 {><b3}) 13. Qe1 $1 a4 $8 (13... Nc6 $2 14. Ne5 Bxg2
15. Kxg2 $16) 14. b4 Nd5 15. Rc1 f5 (15... Nb6 $5 {Levin} 16. Nd2 Bxg2 17. Kxg2
d5 18. Bb2 Qd7 19. e4 Nc6 20. e5 $14) 16. Ne5 Bxg2 (16... d6 $5 17. f3 (17. Nd3
$2 Bxd3 18. exd3 Qd7 {/\Nc6-e7}) 17... dxe5 18. fxe4 Ne3 19. exf5 $5 Nxg2 20.
Qf2 $1 exd4 21. Qxg2 Ra6 22. b5 $1 Rb6 23. Rcd1 $16) 17. Kxg2 d6 (17... f4 18.
e4 fxe3 19. fxe3 Rxf1 20. Kxf1 d6 21. Nd3 Nd7 22. e4 $16) 18. Nd3 Nd7 (18... f4
19. Bd2 g5 20. gxf4 gxf4 21. Kh1 Nd7 22. e4 $16) 19. Bd2 Qf6 $2 {Kein guter
Platz fuer die Dame.} (19... Qc8 $1 20. f3 Qb7 21. e3 Rae8 22. Qd1 (22. Qe2 e5
$132) 22... Qb5 23. Nb2 N7b6 24. e4 fxe4 25. fxe4 Nf6 $132) 20. e3 Rf7 (20...
Rae8 21. Qd1 $1 (21. f3 $2 e5) 21... N7b6 22. f3 $16) 21. Qe2 Raf8 22. f3 Qg6
23. Rc6 $1 $16 {Auf dem Koenigsfluegel hat Schwarz nichts,und sein
Damenfluegel ist sehr schwa ch.} Qh5 $2 (23... Nb8 24. Rc2 Nd7 25. Re1 e5 26.
dxe5 dxe5 27. e4 fxe4 28. Qxe4 (28. fxe4 $2 Nf4+) 28... Qxe4 29. fxe4 Rf3 30.
Nf4 $1 Nxf4+ 31. Kxf3 Nd3+ 32. Ke2 Nxe1 33. Kxe1 $16) (23... h5 24. h4 $16 {
><g5}) 24. Nf4 Nxf4+ 25. exf4 $18 Nb8 (25... Nf6 26. Qxe6 Re8 27. Qc4 $18) 26.
Rc2 Re7 27. b5 $1 Qe8 28. Rfc1 Rff7 29. Ba5 e5 30. fxe5 dxe5 31. Bb4 Re6 32. d5
Rb6 33. Rxc7 Rxc7 34. Rxc7 Nd7 35. Qc4 Rb8 36. d6+ Kh8 37. Qc6 Rd8 38. b6 e4
39. b7 exf3+ 40. Qxf3 Qg8 41. Bc3 Qa2+ 42. Kh3 Qe6 43. Rc8 Rg8 44. Qf4 h6 45.
Qc4 1-0

[Event "St Petersburg"]
[Site "St Petersburg"]
[Date "1992.??.??"]
[Round "?"]
[White "Magerramov, Elmar S"]
[Black "Sakaev, Konstantin"]
[Result "1-0"]
[WhiteElo "2565"]
[BlackElo "2500"]
[Annotator "Dautov,R"]
[PlyCount "63"]
[EventDate "1992.??.??"]
[EventType "tourn"]
[EventRounds "11"]
[EventCountry "RUS"]
[EventCategory "10"]
[SourceTitle "CBM 030"]
[Source "ChessBase"]
[SourceDate "1992.10.01"]
[SourceVersion "1"]
[SourceVersionDate "1992.10.01"]
[SourceQuality "1"]

1. d4 e6 2. c4 Nf6 3. Nf3 b6 4. g3 Ba6 5. b3 Bb4+ 6. Bd2 Be7 7. Bg2 d5 8. cxd5
exd5 9. Nc3 O-O 10. O-O Bb7 11. Rc1 Na6 12. Ne5 Qc8 13. Bg5 Rd8 14. f4 (14. e3
h6 15. Bxf6 Bxf6 16. Qh5 Qe6 17. Nd3 c6 18. b4 $14 (18. Ne2 Be7 19. Ne5 Bf8 20.
Nf4 Qe8 21. h4 Rd6 22. Rfd1 $13 {Gomes Esteban,J-Polugaevsky,L Palma de
Mallorca 1989 48/687})) 14... c5 (14... h6 $5 15. Bxf6 Bxf6 16. e3 c5 17. Qh5
Qe6) 15. e3 Nc7 16. f5 Re8 {N} (16... Nce8 17. g4 h6 18. Bh4 (18. Bf4 $5) 18...
Qc7 19. Nb5 Qb8 20. g5 hxg5 21. Bxg5 a6 22. Nc3 b5 23. Qe1 Bd6 $1 $132 {
Magerramov,E-Psakhis,L Nimes 1991 51/519}) 17. g4 Bd6 18. Bf4 h6 19. Qf3 $5 {
/\Rfd1,פc7,><d5} (19. h4 Ne4 20. g5 hxg5 21. hxg5 Qxf5 (21... Bxe5 22. Bxe5
Nxg5 23. f6 $1 g6 24. Qe1 $40) 22. Nxf7 Bxf4 23. Rxf4 Qg6 $13) 19... Ne4 $1 (
19... Re7 $2 20. Ng6 $1 $16) (19... Qd8 $2 20. Qg3 $1 $16 {/\Nf7}) 20. Rfd1 (
20. Nxe4 $5 dxe4 21. Qg3 Nd5 22. dxc5 (22. Bxe4 Nxf4 23. Qxf4 f6) 22... Nxf4
23. exf4 Bxc5+ 24. Kh1 f6 25. Ng6 a5 $13) 20... Qd8 $2 (20... Nxc3 $142 21.
Rxc3 Qd8 22. Qg3 $140 Nb5 23. Rc2 cxd4 24. exd4 (24. a4 $2 f6 25. Ng6 Rxe3 $17)
24... Be7 $13 (24... Qe7 $132 {/\Nd4})) 21. Nxe4 dxe4 22. Qg3 Nd5 $2 (22...
cxd4 $142 23. Rxd4 (23. exd4 Nb5 $13 24. a4 $140 Nxd4 $1) (23. Nxf7 Bxf4 24.
Nxd8 Bxg3 25. Nxb7 (25. hxg3 Raxd8 26. Rxc7 dxe3 $1) 25... Be5 26. exd4 Bf4 27.
Rc6 Nb5 $1 $13) 23... Nb5 24. Rdd1 Qe7 (24... Qb8 25. Nd7 Bxf4 26. exf4 Qd8 27.
g5 $40) 25. Ng6 $1 fxg6 26. Bxd6 Nxd6 (26... Qf7) 27. Qxd6 gxf5 28. Rc7 $16)
23. dxc5 $18 Bxc5 (23... Nxf4 24. exf4 Bxc5+ 25. Kh1 Qf6 26. Rd7 Re7 27. Rxb7
Rxb7 28. Bxe4 Rab8 29. Bxb7 Rxb7 30. Qf3 $18) 24. Bxe4 Nxf4 25. Qxf4 Qc7 26.
Bxb7 Qxb7 27. b4 Bxb4 28. Rd7 Qb8 29. Rcc7 Bd6 30. Qc4 $1 Bxe5 31. Qxf7+ Kh8
32. Rc6 $1 1-0

[Event "Kemerovo1"]
[Site "Kemerovo"]
[Date "1995.??.??"]
[Round "8"]
[White "Ruban, Vadim"]
[Black "Aseev, Konstantin N"]
[Result "1-0"]
[WhiteElo "2535"]
[BlackElo "2530"]
[Annotator "Dautov,R"]
[PlyCount "129"]
[EventDate "1995.08.??"]
[EventType "tourn"]
[EventRounds "11"]
[EventCountry "RUS"]
[EventCategory "12"]
[SourceTitle "CBM 050"]
[Source "ChessBase"]
[SourceDate "1996.02.01"]
[SourceVersion "1"]
[SourceVersionDate "1996.02.01"]
[SourceQuality "1"]

1. d4 {Belov} Nf6 2. c4 e6 3. Nf3 b6 4. g3 Ba6 5. b3 Bb4+ 6. Bd2 Be7 7. Nc3 Bb7
8. Bg2 O-O 9. O-O d5 10. cxd5 exd5 11. Qc2 Na6 12. Rfd1 Qc8 13. Ng5 $5 {N} (13.
a3 {Belov} c5 14. dxc5 bxc5 15. Ne1 d4 16. Na4 Nd7 17. Nb2 Bxg2 18. Nxg2 $14 {
Ruban,V-Aseev,K/URS-ch/1991/0,5/28/}) (13. Bf4 Rd8 14. Ng5 Qd7 15. a3 h6 16.
Nf3 c5 17. Qb2 Qe6 $10 {Kiselev,S-Sakaev,K/St-Peterburg zt/1993/0:1/41/}) (13.
Nh4 $5 {Belov} Re8 $6 (13... g6 $142 {Dautov/}) 14. a3 c5 15. Nf5 Bf8 16. dxc5
bxc5 (16... Nxc5 $142) 17. Bg5 $16 {Lutz,C-Grosar,A/Graz zt/1993/0,5/41/}) (13.
Bg5 {Belov} Rd8 14. Nh4 (14. Ne5 c5 15. Rac1 h6 16. Bxf6 Bxf6 17. e3 Nc7 $10 {
Eingorn,V-Aseev,K/Lvov zt/1990/0:1/43/}) 14... g6 15. Bf3 c6 16. Ng2 Qd7 17.
Nf4 $14 {Chernin,A-Aseev,K/Lvov zt/1990/0,5/28/}) 13... h6 $2 (13... Nb4 14.
Qb2 c5 15. Rac1 Qf5 16. h4 Rfd8 17. Na4 Na6 18. Be3 h6 19. Nh3 Ng4 20. Bd2 Bc6
21. dxc5 b5 22. Nc3 Bxc5 $36 {Ribli,Z-Polugaevsky,L/Thessaloniki olm (3) 1984})
(13... c6 14. a3 Nc7 15. Bf4 Nce8 16. b4 h6 17. Nf3 Nd6 18. Ne5 $14 Qe6 19.
Rac1 Rfe8 20. a4 Rac8 21. Qb3 Bf8 22. b5 c5 23. dxc5 bxc5 24. Nxd5 $16 {
Filippov,V-Aseev,K/RUS-ch Elista (08) ;CBM 50 1995}) (13... Rd8 14. Bh3 Qb8 15.
Bf4 (15. Rac1 $14 {Belov}) 15... h6 16. Nf3 $14) (13... g6 {Belov} 14. Bh3 Qd8
15. Bf4 $14) 14. Nxd5 $1 Bxd5 (14... hxg5 {Belov} 15. Nxe7+) (14... Nxd5 {Belov
} 15. Qh7#) 15. Bxd5 hxg5 (15... Rb8 {Belov} 16. Bxf7+ Rxf7 17. Nxf7 Kxf7 18.
e4 $16) 16. Bxa8 Qxa8 17. Bxg5 $16 c5 (17... Rd8 18. Qc4 Qb7 19. e4 b5 20. Qe2
$16) (17... Qd5 18. Bxf6 Bxf6 19. e4 Qd7 20. Rac1 $16) 18. Qc4 Nc7 (18... Qb7
$5 {/\} 19. d5 (19. dxc5 {Belov} Nxc5 20. b4 Ne6 21. Bxf6 Bxf6 22. Rac1 $14)
19... Rd8 20. e4 b5 21. Qe2 Nxd5 22. Bxe7 Qxe7 23. Qxb5 Ndc7 24. Rxd8+ Qxd8 25.
Qe2 Nb4 26. Rd1 Qe7 $14) 19. dxc5 Ne6 20. Bxf6 Bxf6 21. Rac1 bxc5 (21... Nxc5
22. b4 Ne6 23. Rd7 (23. e3 $16) 23... Rd8 24. Rxd8+ Qxd8 25. Qc8 $16) 22. e3
Qb7 (22... Rd8 $142 23. h4 $16) (22... Ng5 {Belov} 23. Qd5 $16) 23. Rd6 Be7 24.
Qd5 $1 Rb8 (24... Qb5 {Belov} 25. Rd7 Bf6 26. Rxa7 Rd8 27. Qb7 $18) 25. Qxb7
Rxb7 26. Rc6 Rd7 27. h4 g6 (27... Rd2 {Belov} 28. Ra6) 28. Kf1 Kg7 29. Ke2 Rb7
(29... Bf6 $142) 30. Rd1 Nf8 31. f4 Nd7 32. Kf3 Nb6 (32... f5 33. g4 (33. e4
Nf6 (33... fxe4+ 34. Kxe4 Nf6+ 35. Kf3 $18) 34. e5 Ne4 35. Rd3 $16) 33... fxg4+
(33... Bxh4 34. g5 {/\Rcd6,Rh1} Bxg5 35. Rcd6 $18) (33... Nf6 34. gxf5 gxf5 35.
Rg1+ Kf7 36. Rg5 $18) 34. Kxg4 Nf6+ 35. Kf3 $16 {/\e4-e5}) 33. g4 a5 (33...
Bxh4 34. g5 $18) 34. g5 a4 35. e4 axb3 36. axb3 Nd7 37. Rd3 Nf8 $2 (37... f6 {
>=} 38. Kg4 Kf7 $16) 38. f5 gxf5 39. exf5 f6 40. Re3 Nh7 (40... fxg5 $2 41.
Rxe7+ Rxe7 42. f6+ $18) 41. Rce6 Bd8 42. g6 $18 Nf8 43. Re8 Rd7 (43... Ba5 44.
R3e7+ Rxe7 45. Rxe7+ Kg8 46. Ke4 $18) 44. h5 Rd5 45. Kg4 (45. h6+ {Belov} Kxh6
46. Rxf8 Rxf5+ 47. Kg4 Rg5+ 48. Kf3 Rf5+ 49. Ke2 Bc7 $16) 45... Rd4+ 46. R3e4
Rxe4+ (46... Rd7 {Belov} 47. h6+ Kxh6 48. Rxf8 $18) 47. Rxe4 Nd7 48. Re8 Ne5+
49. Kh3 Nc6 (49... Ba5 {Belov} 50. Re7+ Kh6 (50... Kf8 51. h6 Kxe7 52. h7 $18)
51. Rh7+ Kg5 52. g7 $18) 50. Kg4 Ba5 (50... Ne5+ {Belov} 51. Kf4 Nc6 52. Ke4
$18) 51. Kf4 Ne5 52. Ke4 Ng4 53. Kd5 Bb4 54. Re7+ Kg8 55. Rc7 Ba3 56. Ke6 Kf8
57. h6 Nxh6 58. Kxf6 Bb2+ 59. Ke6 Ng4 60. Rxc5 Nf6 61. b4 Ne4 62. Rc8+ Kg7 63.
Rc7+ Kg8 64. b5 Ng5+ 65. Kd5 1-0

[Event "Dortmund op-A"]
[Site "Dortmund"]
[Date "1992.??.??"]
[Round "9"]
[White "Levin, Felix"]
[Black "Razuvaev, Yuri S"]
[Result "1-0"]
[WhiteElo "2445"]
[BlackElo "2575"]
[Annotator "Dautov,R"]
[PlyCount "91"]
[EventDate "1992.04.??"]
[EventType "swiss"]
[EventRounds "11"]
[EventCountry "GER"]
[SourceTitle "CBM 029"]
[Source "ChessBase"]
[SourceDate "1992.08.01"]
[SourceVersion "1"]
[SourceVersionDate "1992.08.01"]
[SourceQuality "1"]

1. d4 {Schussler} Nf6 2. c4 e6 3. Nf3 b6 4. g3 Ba6 5. b3 Bb7 (5... d5 {
Schussler} 6. Bg2 dxc4 7. Ne5 Bb4+ 8. Kf1 Bd6 {8. - c6 - Miralles,G-Fedorowicz,
J, Cannes 1992 CBM 28 game 412} 9. Nxc4 Nd5 10. Bb2 Nc6 11. Bf3 O-O 12. Kg2 b5
13. Nxd6 cxd6 14. Nc3 $14 {Farago,I-Podlesnik,B, Bled op 1992 CBM 29 game 64})
6. Bg2 Bb4+ 7. Bd2 a5 8. O-O O-O 9. Nc3 (9. Qc2) (9. Bc3 {Schussler} Na6 (9...
d5 10. Ne5 Qc8 {Beljavsky,A-Karpov,An, Linares 1992 CBM 28 game 482}) 10. Bb2
Be7 11. Nc3 d5 12. Ne5 Re8 13. Rc1 c5 14. dxc5 bxc5 15. Na4 $14 {Stohl,I-Lau,R,
Dortmund op-A 1992 CBM 29 game 642}) 9... h6 (9... Ne4 10. Nxe4 Bxe4 11. Bxb4
axb4 12. Qd2 Qe7 13. Qf4 d5 14. Rfc1 c5 15. cxd5 exd5 (15... Bxd5 16. Ne5 $14)
16. Qe3 $1 Nd7 17. Bh3 $1 f5 18. Ne1 g5 19. Qd2 $16 {Van Wely-Kortschnoi,Wijk
aan Zee 1992,53/552}) (9... d6 $5 10. Qc2 Nbd7 11. Rfe1 Bxc3 12. Bxc3 Be4 13.
Qb2 Qb8 14. Bh3 b5 $132 {Petursson,M-Lerner,K Moskva 1987}) (9... d5 {Schussler
} 10. Ne5 Nbd7 11. Nd3 Qe7 12. Na4 $1 $14 {Epishin,V-Kortschnoj,V, Wijk 1992
CBM 28 game 848}) (9... Re8 {Schussler} 10. Rc1 h6 {Kortschnoj,V-Anand,V,
Roquebrune 1992 CBM 28 game 707}) 10. Qc2 d6 11. Rfe1 (11. d5 $5 exd5 12. Nd4
Ne4 $6 (12... c6 $1 13. cxd5 cxd5 14. a3 Bc5 15. Ncb5 Nc6 $13 {Tukmakov}) 13.
cxd5 Nxd2 14. Qxd2 a4 $6 15. Nc2 Bxc3 16. Qxc3 Re8 17. e3 $16 {Tukmakov,
V-Romanishin,O Biel 1988}) 11... Bxc3 12. Bxc3 Be4 13. Qd1 $5 (13. Qb2) 13...
Nbd7 14. Bh3 c6 (14... Bxf3 15. exf3 c6 16. f4 g6 17. Bg2 d5 18. g4 $16) 15.
Nd2 Bh7 16. e4 d5 17. Bg2 (17. e5 $5 Ne4 18. Nxe4 Bxe4 19. f3 Bh7 20. f4 Be4
$132) 17... b5 $2 (17... Nxe4 $142 18. Nxe4 Bxe4 19. Bxe4 dxe4 20. Rxe4 Nf6 21.
Re3 b5 22. a4 $1 $14) 18. e5 Ne8 19. a4 b4 (19... bxc4 $2 20. bxc4 {/\c5,Nb3,
><a5}) 20. Bb2 Nc7 21. Rc1 Rc8 22. f4 Qe7 23. Qe2 Rfd8 24. Rf1 Nb6 (24... f6 $5
$16) 25. Kh1 dxc4 $6 26. Nxc4 Nxc4 27. Rxc4 Nd5 28. Rfc1 Qb7 29. Rc5 Qb6 30.
Qf2 {/\f5} Ne7 31. g4 Rd7 $6 (31... Qa6 $142 $16) 32. f5 $1 Qd8 (32... exf5 33.
d5 (33. gxf5 {Schussler} Bxf5 34. d5 $18) 33... fxg4 34. d6 Ng6 35. Bd4 $18)
33. Be4 Kh8 34. h3 h5 35. Kh2 Ra7 36. Bb1 Rd7 37. f6 $18 Nd5 38. Bxh7 Kxh7 39.
Rf1 $40 gxf6 40. exf6 Qf8 41. Qh4 Qh6 42. Bc1 Qg6 43. gxh5 Qd3 44. Rg1 Ne3 45.
Qg3 Qe2+ 46. Kh1 (46. Kh1 Nf5 47. Rxf5 $18) 1-0

[Event "Donner Memorial"]
[Site "Amsterdam"]
[Date "1995.??.??"]
[Round "7"]
[White "Huzman, Alexander"]
[Black "Salov, Valery"]
[Result "1-0"]
[WhiteElo "2580"]
[BlackElo "2685"]
[Annotator "Dautov,R"]
[PlyCount "75"]
[EventDate "1995.08.??"]
[EventType "tourn"]
[EventRounds "11"]
[EventCountry "NED"]
[EventCategory "16"]
[SourceTitle "CBM 049"]
[Source "ChessBase"]
[SourceDate "1995.12.01"]
[SourceVersion "1"]
[SourceVersionDate "1995.12.01"]
[SourceQuality "1"]

1. d4 Nf6 2. Nf3 e6 3. c4 b6 4. g3 Ba6 5. b3 b5 6. cxb5 Bxb5 7. Bg2 d5 $5 (7...
Bb4+) 8. O-O Nbd7 $1 (8... Bd6 9. Nc3 Ba6 10. b4 c6 11. Rb1 O-O 12. Bg5 Nbd7
13. Qa4 Bb7 14. Qc2 h6 15. Bxf6 Qxf6 16. e4 $14 {Juhasz,B-Rigo,J/HUN-chT1 9394
;TD 94/03 1994}) 9. Ba3 (9. Nc3 Ba6 10. Bb2 Be7 11. Rc1 O-O (11... c5 12. Na4
$14) 12. Na4 Bb5 (12... Ne4 $5) 13. Nc5 Nxc5 14. dxc5 a5 15. Nd4 Qb8 $10) 9...
Bxa3 (9... c5 10. Nc3 Ba6 11. Rc1 Rc8 (11... cxd4 12. Bxf8 Nxf8 13. Qxd4 N8d7
14. Qa4 $14) 12. Bxc5 $1 Bxc5 (12... Nxc5 13. dxc5 Qa5 (13... Bxc5 $2 14. b4
$18) 14. a3 Qxc5 15. b4 $16) 13. dxc5 Nxc5 14. b4 Ncd7 15. Qa4 Qb6 16. Ne5 $14)
10. Nxa3 Ba6 11. b4 (11. Rc1 Qe7 12. Nb1 Rc8 $1 (12... c5 13. dxc5 Nxc5 14. Qd4
Ncd7 15. Rc2 O-O 16. Rfc1 $14) 13. Nc3 O-O 14. Na4 c5 $10) 11... Qe7 (11... c6
$5 {/\Qb6}) 12. Rb1 Rb8 $2 (12... O-O {>=} 13. Qc2 Rfb8 $132) 13. Qa4 $1 Bxe2
14. Rfc1 Bxf3 (14... Qd8 $2 15. Ne5 Rb7 16. Rb2 Bh5 17. Nc6 Qc8 18. Na5 Rb6 19.
Rbc2 $16) 15. Bxf3 Qd8 16. Nb5 O-O (16... Rb7 17. Qa5 O-O 18. Nxa7 Nb6 19. Nc6
$16 {/\} Qd6 $2 20. Qa6 $18) 17. Nxc7 (17. Nxa7 $2 Ra8) 17... Rb7 18. Na6 Qb6
19. b5 $16 Nb8 20. Nc5 Rc7 21. Qb4 Rfc8 22. a4 a5 $2 {[%csl Ra5] ><a5} (22...
a6 23. Rc3 Nfd7 24. Nxd7 Nxd7 25. Rxc7 Rxc7 26. bxa6 Qxa6 (26... Rc1+ $2 27.
Rxc1 Qxb4 28. Rc8+ Nf8 29. a7 $18) 27. Be2 $1 Qc8 28. Kg2 $16 {o^}) 23. Qd2 {
/\Nb3} Nbd7 24. Nb3 Rc4 (24... Rxc1+ 25. Rxc1 Rxc1+ 26. Qxc1 $18) 25. Be2 Ne4
26. Qe1 Rc3 27. f3 Rxc1 28. Rxc1 Rxc1 29. Qxc1 Nd6 30. Qc3 $18 Nc4 (30... Nb7
31. Qc6 $18) 31. Bxc4 Qc7 32. Nxa5 Nb6 33. Nc6 Nxc4 34. Qb4 f6 35. a5 Kf7 36.
Qc5 Ke8 37. b6 Qb7 38. a6 1-0